00493nam a22001457a 4500999001900000003000500019038001200024082001600036100005000052245006000102260006100162300001600223942001200239952009600251 c528294d528294NUST amsohail a628.95bAAS aAmerican Assiociation of State Highway920001 aAn Information Guide for Roadway Lighting Traffic Noise aWashingtonbAmerican Assiociation of State Highwayc1969 a22,p:c25cm 2ddccBK 00102ddc4070aNITbNITd2019-09-05l0o628.95 AASpNIT-10349r2019-09-05w2019-09-05yBK